Wszystkie parki krajobrazowe w Polsce na mapie - Statystyki

Ogólne statystyki
  • Ten quiz został rozwiązany 203 razy
  • Średni wynik to 19 z 125
Odpowiedzi na mapie
Odpowiedzi zakodowano w zielono-czerwonej skali na mapie do tego quizu, zgodnie z poniższymi procentami.
 
Statystyki odpowiedzi
Park Krajobrazowy % Poprawnych
Kaszubski
36%
Mazurski
36%
Dolina Baryczy
34%
Poleski
34%
Suwalski
34%
Mazowiecki
32%
Żywiecki
32%
Gór Sowich
31%
Nadmorski
31%
Trójmiejski
30%
Mierzeja Wiślana
29%
Śnieżnicki
29%
Beskidu Śląskiego
28%
Cedyński
28%
Drawski
28%
Tucholski
28%
Ślężański
27%
Beskidu Małego
25%
Nadbużański
25%
Wdzydzki
25%
Orlich Gniazd
24%
Puszczy Knyszyńskiej
24%
Popradzki
23%
Szczeciński
23%
Dolina Dolnej Odry
22%
Iński
22%
Ujście Warty
22%
Gór Słonnych
21%
Kozienicki
21%
Bolimowski
20%
Doliny Sanu
20%
Barlinecki
19%
Doliny Bobru
19%
Przemkowski
19%
Rudawski
19%
Chełmski
18%
Chojnowski
18%
Dolina Bystrzycy
18%
Góra św. Anny
18%
Kazimierski
18%
Krajeński
18%
Nadwarciański
18%
Podlaski Przełom Bugu
18%
Puszczy Rominckiej
18%
Puszczy Solskiej
18%
Góry Opawskie
17%
Gostynińsko-Włocławski
17%
Książański
17%
Lasy Janowskie
17%
Łomżyński
17%
Południoworoztoczański
17%
Sobiborski
17%
Brodnicki
16%
Chełmy
16%
Łuk Mużakowa
16%
Wysoczyzny Elbląskiej
16%
Dolina Jezierzycy
15%
Doliny Słupi
15%
Gorzowski
15%
Nadwiślański
15%
Pogórza Przemyskiego
15%
Sierakowski
15%
Stobrawski
15%
Dolinki Krakowskie
14%
Jaśliski
14%
Nadgoplański Park Tysiąclecia
14%
Wzgórz Dylewskich
14%
Ciśniańsko-Wetliński
13%
Pojezierza Iławskiego
13%
Wzniesień Łódzkich
13%
Zaborski
13%
Chełmiński
11%
Kozłowiecki
11%
Pasma Brzanki
11%
Przemęcki
11%
Sudetów Wałbrzyskich
11%
Załęczański
11%
Brudzeński
10%
Ciężkowicko-Różnowski
10%
Nadwieprzański
10%
Strzelecki
10%
Szczebrzeszyński
10%
Wdecki
10%
Bielańsko-Tyniecki
9%
,,Cysterskie Kompozycje Krajobrazowe Rud Wielkich"
9%
Góry Łosiowe
9%
im. gen. Dezyderego Chłapowskiego
9%
Krasnobrodzki
9%
Krzesiński
9%
Puszcza Zielonka
9%
Stawki
9%
Sulejowski
9%
Chęcińsko-Kielecki
8%
Krzczonowski
8%
Spalski
8%
Welski
8%
Wiśnicko-Lipnicki
8%
Dłubniański
7%
Gryżyński
7%
Lasy nad Górną Liswartą
7%
Lednicki
7%
Międzyrzecza Warty i Widawki
7%
Promno
7%
Kozubowski
6%
Miedzichowski
6%
Nadnidziański
6%
Powidzki
6%
Przedborski
6%
Rogaliński
6%
Rudniański
6%
Skierbieszowski
6%
Łagowsko-Sulęciński
5%
Pszczewski
5%
Sieradowicki
5%
Szaniecki
5%
Tenczyński
5%
Wrzelowiecki
5%
Cisowsko-Orłowiński
4%
Czarnorzecko-Strzyżowski
4%
Górznieńsko-Lidzbarski
4%
Jeleniowski
4%
Pojezierze Łęczyńskie
4%
Suchedniowsko-Oblęgorski
4%
Dolina Kamionki
3%
Żerkowsko-Czeszewski
3%
Nie znaleziono quizów pasujących do podanych kryteriów
Rozkład punktacji
Procent ludzi z każdym wynikiem
Percentyl według liczby udzielonych odpowiedzi
Twoja historia wyników
Nie rozwiązałeś tego quizu